Học từ vựng tiếng Anh 2 Trình độ Trung cấp
Gồm các loại từ vựng trong tiếng Anh: Từ đơn, từ thường đi với nhau (từ kết hợp), các thành ngữ cố định v.v..
Gespeichert in:
| 1. Verfasser: | |
|---|---|
| Weitere Verfasser: | |
| Format: | Buch |
| Sprache: | Vietnamese English |
| Veröffentlicht: |
Tp. Hồ Chí Minh
Nxb. Tp. Hồ Chí Minh
1997
|
| Schlagworte: | |
| Tags: |
Tag hinzufügen
Keine Tags, Fügen Sie den ersten Tag hinzu!
|
| Thư viện lưu trữ: | Mạng thư viện Đại học Đà Nẵng |
|---|
| LEADER | 01531nam a22004098a 4500 | ||
|---|---|---|---|
| 001 | 000015680 | ||
| 003 | 12063 | ||
| 005 | 20120531090541.0 | ||
| 008 | 120531s1997 b 000 0 vieod | ||
| 020 | |d 2000b | ||
| 041 | 0 | |a vie | |
| 041 | 0 | |a eng | |
| 041 | 0 | |a 9810 | |
| 080 | |a 4(N523) | ||
| 082 | |a 428 |b RE-S | ||
| 084 | |a V143.21-96 |b H419T | ||
| 100 | 1 | |a Stuart Redman | |
| 240 | 0 | |a A way with Words - Vocabulary development activitives for learners of English | |
| 245 | 1 | 0 | |a Học từ vựng tiếng Anh 2 |b Trình độ Trung cấp |c Stuart Redman and Robert Ellis; Dịch và chú giải: Nguyễn Trung Tánh, NGuyễn Thành Thư,... |
| 260 | |a Tp. Hồ Chí Minh |b Nxb. Tp. Hồ Chí Minh |c 1997 | ||
| 300 | |a 231tr : hình vẽ |c 21cm | ||
| 520 | |a Gồm các loại từ vựng trong tiếng Anh: Từ đơn, từ thường đi với nhau (từ kết hợp), các thành ngữ cố định v.v.. | ||
| 653 | |a từ vựng | ||
| 653 | |a sách đọc thêm | ||
| 653 | |a Tiếng Anh | ||
| 653 | |a sách tự học | ||
| 700 | 1 | |a Nguyễn Trung Tánh |e Dịch | |
| OWN | |a LSP | ||
| AVA | |a UDN50 |b LSP |d 428 RE-S |e available |t Error 5001 Not defined in file expand_doc_bib_avail. |f 3 |g 0 |h N |i 0 |k 1 | ||
| 999 | |a From the UDN01 | ||
| AVA | |a UDN50 |b LSP |d 428 RE-S |e available |t Error 5001 Not defined in file expand_doc_bib_avail. |f 3 |g 0 |h N |i 0 |k 1 | ||
| TYP | |a Monograph | ||
| TYP | |a Printed language | ||
| 980 | |a Mạng thư viện Đại học Đà Nẵng | ||